| 000 | 01097cab a22002055a 4500 | ||
|---|---|---|---|
| 001 | L148363 | ||
| 008 | 090909s2009 xxkd f s 000 0 eng d | ||
| 035 | _a(Sirsi) u148363 | ||
| 041 | 0 | _aeng | |
| 110 | 2 |
_aHome Builders Federation _94896 |
|
| 245 | 0 | 0 |
_aHBF regional survey of house builders _bMay 2009 |
| 260 | _c2009 | ||
| 490 |
_aHousing Market Report _v(204) June 2009, 7-11 (5) |
||
| 520 | _aPresents results of a regional survey of house builders in Great Britain for May 2009. Finds a positive balance of home builders (+9%) reporting more visitors in May 2009 than in May 2008. The balance of net reservations increased as well, to the level of +30%, which is the strongest result since May 2006. The balance of companies reporting falling new home prices reduced to -25% in May 2009. This is the least negative result since October 2007. House builders are expecting sales to rise in 2009. | ||
| 590 | _aKA | ||
| 650 | 2 | 4 | _aHBF REGIONAL SURVEY OF HOUSE BUILDERS |
| 651 | 4 |
_aGreat Britain _y1707- |
|
| 690 | _aPROPERTY-RESIDENTIAL PROPERTY-RESIDENTIAL PROPERTY MARKET | ||
| 942 | _n0 | ||
| 999 |
_c81808 _d81808 |
||